Statistics for Rulers of Russia

Click here to take the quiz!

General Stats

  • This quiz has been taken 26 times
  • The average score is 31 of 114

Answer Stats

ReignAnswer% Correct
1328-1340 | 1332-1340Ivan I
74%
1353-1359Ivan II
74%
1462-1505Ivan III
74%
1533-1547 | 1547-1584Ivan IV
74%
1682-1696Ivan V
74%
1740-1741Ivan VI
74%
1682-1721 | 1721-1725Peter I
70%
1727-1730Peter II
70%
1762Peter III
70%
1326-1327 | 1327-1331Alexander
65%
1801-1825Alexander I
65%
1855-1881Alexander II
65%
1881-1894Alexander III
65%
1252-1263Saint Alexander
65%
980-1015Saint Vladimir I
65%
1113-1125Vladimir II
65%
1825-1855Nicholas I
61%
1894-1917Saint Nicholas II
61%
862-879Rurik
57%
1725-1727Catherine I
52%
1762-1796Catherine II
52%
1613-1645Michael
43%
879-882 | 882-912Oleg
43%
912-945Igor I
39%
1796-1801Paul I
39%
1146Saint Igor II
39%
1741-1762Elizabeth
35%
945-964Saint Olga
35%
1605-1606False Dmitry I
30%
1610-1612Vladislav
30%
1598-1605Boris
26%
1016-1018 | 1019-1054Yaroslav I
26%
1238-1246Yaroslav II
26%
1264-1271Yaroslav III
26%
1645-1676Alexis
22%
1730-1740Anna
22%
1277-1281 | 1283-1293 | 1322-1326 | +2 othersDmitry
22%
1362-1389Saint Dmitry
22%
972-980Yaropolk I
22%
1132-1139Yaropolk II
22%
1174-1175Yaropolk III
22%
964-972Sviatoslav I
17%
1073-1076Sviatoslav II
17%
1246-1248 | 1248-1249Sviatoslav III
17%
1584-1598Feodor I
13%
1605Feodor II
13%
1676-1682Feodor III
13%
1248Mikhail
13%
1304-1318Saint Mikhail
13%
1340-1353Simeon
13%
1015-1016 | 1018-1019Sviatopolk I
13%
1093-1113Sviatopolk II
13%
1271-1277Vasily
13%
1389-1425 | 1434-1435Vasily I
13%
1425-1434 | 1435-1446 | 1447-1462Vasily II
13%
1505-1533Vasily III
13%
1606-1610Vasily IV
13%
1068-1069Vseslav
13%
1077 | 1078-1093Vsevolod I
13%
1139-1146Vsevolod II
13%
1176-1212Vsevolod III
13%
1249-1252Andrey II
9%
1281-1283 | 1293-1304Andrey III
9%
1283-1303Daniel
9%
1054-1068 | 1069-1073 | 1077-1078Iziaslav I
9%
1146-1149 | 1150 | 1151-1154Iziaslav II
9%
1155 | 1157-1158 | 1161Iziaslav III
9%
1216-1218Konstantin
9%
1174 | 1175-1176Mikhalko
9%
1125-1132Mstislav I
9%
1158-1159 | 1167-1169Mstislav II
9%
1157-1174Saint Andrey I
9%
1139 | 1150Viacheslav
9%
1149-1150 | 1150-1151 | 1155-1157Yuri I
9%
1212-1216 | 1218-1238Yuri II
9%
1318-1322Yuri III
9%
1359-1389Dmitry Donskoy
4%
1598Irina
4%
1154-1155 | 1159-1161 | 1161-1167Rostislav
4%
1303-1325 | 1434Yury
0%

Score Distribution

Percentile by Number Answered

Percent of People with Each Score

Your Score History

You have not taken this quiz